American Cities by Transit Agencies - Statistics

General Stats
  • This quiz has been taken 46 times
  • The average score is 11 of 15
Answer Stats
Hint Answer % Correct
BART San Francisco (Bay Area Rapid Transit)
95%
CTA Chicago Transit Authority
90%
MBTA Boston (Massachusetts Bay Transportation Authority)
88%
MTA New York City (Metropolitan Transportation Authority)
88%
SEPTA Philadelphia (Southeastern Pennsylvania Transportation Authority)
88%
DART Dallas Area Rapid Transit
85%
LACMTA Los Angeles County Metropolitan Transportation Authority
83%
MARTA Atlanta (Metropolitan Atlanta Rapid Transit Authority)
80%
UTA Salt Lake City (Utah Transit Authority)
78%
WMATA Washington Metropolitan Area Transit Authority
68%
ST Seattle (Sound Transit)
54%
GCRTA (RTA) Greater Cleveland Regional Transit Authority
49%
PRT Pittsburgh Regional Transit
44%
MetroLink Saint Louis
37%
CDTA Albany (Capital District Transit Authority)
24%
No matching quizzes found
Score Distribution
Percent of People with Each Score
Percentile by Number Answered
Your Score History
You have not taken this quiz